000 00520nmm a2200181Ia 4500
008 251105s9999||||xx |||||||||||||||||und||
020 _a9788433978851
041 _aspa
100 _aAlapont Calderaro, Rosa
245 0 _aUna semana de vacaciones
264 _a[Madrid, España] :
_bEditorial Anagrama,
_c2014
300 _a104 páginas
490 _aPanorama de narrativas
650 _aFrench narrative
700 _a Angot, Christine
856 _uhttps://public.digitaliapublishing.com/a/32436
942 _cCF
999 _c61494
_d61494